[Event "CAN-ch U20 Girls"]
[Site "Calgary"]
[Date "2012.01.08"]
[Round "5"]
[White "Lee, Melissa"]
[Black "Gagne, Hope"]
[Result "1-0"]
[WhiteElo "1594"]
[BlackElo "1238"]
[PlyCount "37"]
[EventDate "2012.01.05"]
[EventType "tourn"]
[EventRounds "5"]
[EventCountry "CAN"]
[SourceTitle "EXT 2022"]
[Source "ChessBase"]
[SourceDate "2021.10.06"]
[SourceVersion "1"]
[SourceVersionDate "2021.10.06"]
[SourceQuality "1"]

1. e4 e5 2. Nf3 Bc5 3. Bc4 Nf6 4. 0-0 Nxe4 5. d4 exd4 6. Re1 0-0 7. Bb3 d3 8. Rxe4 d6 9. cxd3 Be6 10. Bxe6 Re8 11. Bb3 Re6 12. Bxe6 fxe6 13. Rxe6 d5 14. Re1 Bd6 15. Nc3 c6 16. Qe2 Bc7 17. Qe6+ Kf8 18. Ng5 Qd6 19. Qf7# 1-0